LEADER 04060nam 2200685Ia 450 001 9910970682603321 005 20260318150817.0 010 $a1-283-85244-6 010 $a90-04-18724-3 024 7 $a10.1163/9789004187245 035 $a(CKB)2670000000173861 035 $a(EBL)1079739 035 $a(OCoLC)813165124 035 $a(SSID)ssj0000669094 035 $a(PQKBManifestationID)11457328 035 $a(PQKBTitleCode)TC0000669094 035 $a(PQKBWorkID)10704234 035 $a(PQKB)10558315 035 $a(MiAaPQ)EBC1079739 035 $a(nllekb)BRILL9789004187245 035 $a(Au-PeEL)EBL1079739 035 $a(CaPaEBR)ebr10631710 035 $a(CaONFJC)MIL416494 035 $a(PPN)174392761 035 $a(EXLCZ)992670000000173861 100 $a20100621d2010 uy 0 101 0 $aeng 135 $aur|n|---||||| 181 $ctxt$2rdacontent 182 $cc$2rdamedia 183 $acr$2rdacarrier 200 00$aStudies in the archaeology of the medieval Mediterranean /$feditor, James G. Schryver 210 1$aLeiden [Netherlands] :$cBrill,$d2010. 215 $a1 online resource (xviii, 239 pages, 22 unnumbered pages of plates) $cillustrations, maps 225 1 $aThe medieval Mediterranean : peoples, economies and cultures, 400-1500,$x0928-5520 ;$vv. 86 300 $aDescription based upon print version of record. 311 0 $a90-04-18175-X 320 $aIncludes bibliographical references and index. 327 $tPreliminary Material --$tIntroduction --$tChapter One A Port Without a Harbour: Reconstructing Medieval al-Mina /$rTasha Vorderstrasse --$tChapter Two The Phantom Baronies of the Western Mani /$rJon van Leuven --$tChapter Three A Seigneury on the Eastern Borders of the Kingdom of Jerusalem: The Terre de Suète /$rCédric Devais --$tChapter Four Merchants, Monks, and Medieval Sardinian Architecture /$rMichelle Hobart --$tChapter Five The forma urbis of Aleppo (Syria) during the Middle Ages /$rGiulia Annalinda Neglia --$tChapter Six Ethno-Archaeological Approaches to Medieval Rural Settlement in Spain and Morocco /$rJohnny De Meulemeester --$tChapter Seven The Future of Venice?s Past and the Archaeology of the North-Eastern Adriatic Emporia during the Early Middle Ages /$rSauro Gelichi --$tList of Works Cited --$tIndex --$tFigures. 330 $aThe medieval Mediterranean world has inspired a rich variety of archaeological studies aimed at trying to piece together its past. This volume presents seven case studies that reveal the complexities of and possible solutions for exploring various areas of the Mediterranean basin. Individually, they offer models of interdisciplinary study that move beyond the disciplinary boundaries of archaeology to integrate evidence from other fields ranging from history to town planning. As a whole, they provide the only collection of studies of their kind for the medieval Mediterraean. They thus provide readers with a view of a field that is vibrant, nuanced, and utilizes a methodological approach that is capable of greatly increasing our knowledge of the medieval Mediterranean world. Contributors are Tasha Vorderstrasse, Jon van Leuven, Cédric Devais, Michelle Hobart, Giulia Annalinda Neglia, Johnny De Meulemeester, and Sauro Gelichi. 410 0$aMedieval Mediterranean ;$v86. 606 $aArchaeology and history 606 $aCivilization, Medieval 606 $aExcavations (Archaeology)$zMediterranean Region 607 $aMediterranean Region$xAntiquities 607 $aMediterranean Region$xCivilization 607 $aMediterranean Region$xHistory$y476-1517 615 0$aArchaeology and history. 615 0$aCivilization, Medieval. 615 0$aExcavations (Archaeology) 676 $a909.09822 676 $a909/.09822 701 $aSchryver$b James G$01897628 801 0$bMiAaPQ 801 1$bMiAaPQ 801 2$bMiAaPQ 906 $aBOOK 912 $a9910970682603321 996 $aStudies in the archaeology of the medieval Mediterranean$94552829 997 $aUNINA